000 00417nam a2200157Ia 4500
008 160316s1960 xxu||||| |||| 00| 0 eng d
082 _a926.240000
_bVIS
100 _aVisvesvaraya M
245 _aA brief memory of my complete working life
250 _a
260 _aBangalore
_bPrinting & Stationary Publication
_c1960
300 _a40p
_b
_c
365 _b
650 _a1.Biography - Visvesvaraya
700 _a
_a
999 _c4998
_d4998